000 00859nam a22002297a 4500
005 20240530110508.0
008 151021s2010 ua a g 000 0 ara d
040 _aEG-CaGPL
082 0 4 _221
_a320.96
_bح ا
100 0 _aحلمى شعراوى .
245 1 0 _aافريقيا :
_bمن قرن الى قرن /
_cتاليف حلمى شعراوى .
250 _aط1.
260 _aالقاهرة :
_bمكتبة جزيرة الورد ،
_c2010 .
300 _a600 ص ؛
_c24 سم .
651 0 4 _aافريقيا
_xتاريخ .
651 0 4 _aافريقيا
_xالاحوال الثقافية .
651 0 4 _aالصومال
_xالاحوال السياسية .
651 0 4 _aافريقيا
_xالعلاقات الخارجية .
651 0 4 _aافريقيا
_xالاحوال السياسية .
942 _2ddc
_cBK
999 _c61609
_d61609